| 000 | 01123cam a22003134a 4500 | ||
|---|---|---|---|
| 999 |
_c2273 _d2273 |
||
| 001 | 13535077 | ||
| 003 | GZU | ||
| 005 | 20201028115359.0 | ||
| 008 | 040324s2005 maua b 001 0 eng | ||
| 010 | _a 2004007014 | ||
| 020 | _a0321180232 | ||
| 040 |
_aDLC _cDLC _dDLC |
||
| 042 | _apcc | ||
| 050 | 0 | 0 |
_aHD 2326 _b.CAR 2005 |
| 082 | 0 | 0 |
_a338.6 _222 |
| 100 | 1 | _aCarlton, Dennis W. | |
| 245 | 1 | 0 |
_aModern industrial organization / _cDennis W. Carlton, Jeffrey M. Perloff. |
| 250 | _a4th ed. | ||
| 260 |
_aBoston : _bPearson/Addison Wesley, _cc2005. |
||
| 300 |
_axxiii, 822 p. : _bill. ; _c24 cm. |
||
| 440 | 4 | _aThe Addison-Wesley series in economics | |
| 504 | _aIncludes bibliographical references (p. 737-779) and index. | ||
| 650 | 0 | _aIndustrial organization (Economic theory) | |
| 700 | 1 | _aPerloff, Jeffrey M. | |
| 856 | 4 | 1 |
_3Table of contents _uhttp://www.loc.gov/catdir/toc/ecip0416/2004007014.html |
| 906 |
_a7 _bcbc _corignew _d1 _eecip _f20 _gy-gencatlg |
||
| 942 |
_2lcc _cBK _e4th ed. _h2326 _iCAR _kHD |
||